Rong sống bám trên thực vật nổi ở vùng Cần Thơ

Đã lưu trong:
书目详细资料
主要作者: Trần Ngọc Hoàng
格式: 图书
语言:Undetermined
出版: Cần Thơ Viện Đại Học Cần Thơ - Đại Học Khoa Học - Ban Vạn Vật Học 1974
主题:
标签: 添加标签
没有标签, 成为第一个标记此记录!
Thư viện lưu trữ: Trung tâm Học liệu Trường Đại học Cần Thơ
LEADER 00616nam a2200181Ia 4500
001 CTU_33700
008 210402s9999 xx 000 0 und d
082 |a 579.8 
082 |b H407 
100 |a Trần Ngọc Hoàng 
245 0 |a Rong sống bám trên thực vật nổi ở vùng Cần Thơ 
245 0 |c Trần Ngọc Hoàng 
260 |a Cần Thơ 
260 |b Viện Đại Học Cần Thơ - Đại Học Khoa Học - Ban Vạn Vật Học 
260 |c 1974 
650 |a phytoplankton 
904 |i Minh, 991105 
980 |a Trung tâm Học liệu Trường Đại học Cần Thơ